Město a metropole : architektura v perspektivě 2013

Saved in:
Bibliographic Details
Other Authors: Peřinková, Martina (Editor), Šťastná, Marie (Reviewer), Jemelka, Martin (Reviewer)
Format: Book
Language:Czech
Published: Ostrava : Stavební fakulta, Vysoká škola báňská - Technická univerzita Ostrava, 2013
Subjects:
Tags: Add Tag
No Tags, Be the first to tag this record!

MARC

LEADER 00000nam a22000003a 4500
001 stu300003
005 20150617225745.4
008 141031s--------xr------------------cze-d
020 |a 978-80-87079-36-2 
040 |a STU  |b slo 
041 0 |a cze 
044 |a xr 
100 1 |a Peřinková, Martina  |4 edt 
245 1 |a Město a metropole :  |b architektura v perspektivě 2013 
260 |a Ostrava :  |b Stavební fakulta, Vysoká škola báňská - Technická univerzita Ostrava,  |c 2013 
300 |a 80 s 
650 7 |a metropoly  |2 stusub 
650 7 |a mestá  |2 stusub 
650 7 |a centrum mesta  |2 stusub 
650 7 |a Bratislava  |2 stusub 
650 7 |a Slovensko  |2 stusub 
650 7 |a Astana  |2 stusub 
650 7 |a Kazachstan  |2 stusub 
650 7 |a Šanghaj  |2 stusub 
650 7 |a Čína  |2 stusub 
650 7 |a Jakarta  |2 stusub 
650 7 |a Indonézia  |2 stusub 
650 7 |a Automobilizmus  |2 stusub 
650 7 |a architektúra  |2 stusub 
650 7 |a urbanizmus  |2 stusub 
700 1 |a Šťastná, Marie  |4 rev 
700 1 |a Jemelka, Martin  |4 rev 
996 |b 284AU06289  |c A*9188 U  |l AAKNAR  |s A  |a 24  |w stu300003_0002 
996 |b 284AU06290  |c A*9189 U  |l AAKNAR  |s A  |a 24  |w stu300003_0003 
996 |b 284AU06291  |c A*9190 U  |l AAKNAR  |s A  |a 24  |w stu300003_0004